| 000 | 00711nam a2200193 4500 | ||
|---|---|---|---|
| 999 |
_c56956 _d56956 |
||
| 003 | Ge_BSU | ||
| 005 | 20190822100838.0 | ||
| 008 | 190822b1969 ge ||||| |||| 00| 0 geo d | ||
| 041 | _ageo | ||
| 080 | _a821.353.1-31 ა-13 | ||
| 100 |
_aაბაშიძე, გრიგოლ _91383 |
||
| 245 |
_aყორნალი : _bრომანი / _cგრიგოლ აბაშიძე ; რედ. გ. ჩიქოვანი. |
||
| 264 |
_aთბილისი : _bმერანი ; _c1969. |
||
| 300 |
_a335 გვ. ; _c20 სმ. |
||
| 653 | _aყორანი | ||
| 653 | _aრომანი | ||
| 700 |
_aჩიქოვანი, გ. _eრედაქტორი _93734 |
||
| 942 |
_2udc _cBK |
||